000 00681nmc a2200253 a 4500
003 AR-BaBNM
005 20251128202701.0
008 245020s2003 ||||||||||||||000 | spa||
020 _a950-07-2335-2
040 _cAR-BaBNM
100 1 _aCastelli, Jorge
245 1 0 _aLas campanas de la revolución
_bLiniers y Moreno
260 _aBuenos Aires
_bSudamericana
_c2003
300 0 _a214 p.
490 0 _aNarrativas históricas
650 4 _aLITERATURA ARGENTINA
650 4 _aHISTORIA ARGENTINA
650 4 _aFUSILAMIENTO DE LINIERS
650 4 _aMOVIMIENTOS REVOLUCIONARIOS
650 4 _aHISTORIA POLITICA
655 _aLITERATURA
942 _cBK
998 _cme-solo cat
999 _c117
_d117